| 000 | 00826nam a2200205Ia 4500 | ||
|---|---|---|---|
| 999 |
_c39878 _d39878 |
||
| 001 | 6483 | ||
| 003 | GE_BSU | ||
| 005 | 20191004162500.0 | ||
| 008 | 181216s1954||||ge |||||||||||||| ||ge || | ||
| 040 | _cGE_BSU | ||
| 080 | _a821.353.1-32 ბ-45 | ||
| 100 |
_aბელიაშვილი, აკაკი _94491 |
||
| 245 |
_aერთტომეული : _bმოთხრობები / _cაკაკი ბელიაშვილი ; პ/მგ. რედ. თ. შავიშვილი. |
||
| 264 |
_aთბილისი : _bსაბჭ.მწერალი ; _c1954. |
||
| 300 |
_a728 გვ. ; _c21 სმ. |
||
| 653 | _aერთტომეული | ||
| 653 | _aმოთხრობები | ||
| 700 |
_aშავიშვილი, თ. _eრედაქტორი _94098 |
||
| 942 |
_cBK _2udc |
||